[Event "Lueneburg op"]
[Site "Lueneburg"]
[Date "2014.08.12"]
[Round "4"]
[White "Uksini, Bardhyl"]
[Black "Oehne, Ingo"]
[Result "1-0"]
[WhiteElo "2063"]
[BlackElo "1856"]
[PlyCount "81"]
[EventDate "2014.08.09"]
[EventType "swiss"]
[EventRounds "9"]
[EventCountry "GER"]
[SourceTitle "CBM 161 Extra"]
[Source "ChessBase"]
[SourceDate "2014.08.29"]
[SourceVersion "1"]
[SourceVersionDate "2014.08.29"]
[SourceQuality "1"]

1. Nf3 Nf6 2. c4 e6 3. g3 d5 4. d4 Ne4 5. Bg2 c5 6. 0-0 Nc6 7. a3 Qb6 8. cxd5 exd5 9. dxc5 Bxc5 10. e3 Be6 11. b4 Be7 12. Bb2 0-0 13. Nd4 Bf6 14. Nxe6 fxe6 15. Bxe4 dxe4 16. Bxf6 Rxf6 17. Nc3 Rd8 18. Qc2 Ne5 19. Nxe4 Rh6 20. Qc5 Nf3+ 21. Kg2 Rxh2+ 22. Kxf3 Rf8+ 23. Ke2 Qa6+ 24. b5 Qa4 25. Nd2 Qg4+ 26. Ke1 Rh5 27. Qc4 Qg6 28. Rc1 b6 29. Qe4 Qf6 30. f4 Rd8 31. Rh1 Rxh1+ 32. Qxh1 Qb2 33. Rd1 Qxa3 34. Qe4 Qa2 35. Qc4 Qa3 36. Qxe6+ Kf8 37. Qb3 Qc5 38. Kf2 Qh5 39. Nf3 Rc8 40. Rd5 Qg6 41. Nd4 1-0

[Event "Niedersachsen-ch op"]
[Site "Verden"]
[Date "2011.01.03"]
[Round "3"]
[White "Oehne, Ingo"]
[Black "Richters, Maik"]
[Result "1-0"]
[WhiteElo "1837"]
[BlackElo "1447"]
[PlyCount "97"]
[EventDate "2011.01.02"]
[EventType "swiss"]
[EventRounds "7"]
[EventCountry "GER"]
[SourceTitle "EXT 2018"]
[Source "ChessBase"]
[SourceDate "2017.10.13"]
[SourceVersion "1"]
[SourceVersionDate "2017.10.13"]
[SourceQuality "1"]

1. Nf3 Nc6 2. d4 d5 3. Bg5 Nf6 4. Nbd2 Bf5 5. a3 e6 6. e3 Be7 7. c4 0-0 8. c5 Bg4 9. Be2 Re8 10. h3 Bf5 11. Bb5 Nd7 12. Bxc6 bxc6 13. Bf4 Bf6 14. 0-0 e5 15. dxe5 Nxe5 16. Bxe5 Bxe5 17. Nxe5 Rxe5 18. Nf3 Re6 19. Nd4 Rf6 20. Nxf5 Rxf5 21. Qd3 Qf6 22. Rab1 Rd8 23. b4 d4 24. e4 Rg5 25. f4 Rg6 26. Rbd1 h6 27. Rf3 h5 28. e5 Qe7 29. Qe4 Qd7 30. Rfd3 Qc8 31. f5 Rg5 32. Rf3 g6 33. fxg6 Rxg6 34. Rxd4 Re8 35. Qf5 Qe6 36. Rd7 Rg7 37. Rxc7 Qa2 38. Rf2 Qxa3 39. Rxf7 Qa1+ 40. Rf1 Qxf1+ 41. Qxf1 Rxf7 42. Qe2 Rf5 43. Qe4 Rfxe5 44. Qxc6 Re1+ 45. Kh2 R8e6 46. Qa8+ Re8 47. Qxa7 Rf8 48. Qb7 h4 49. Qd5+ 1-0

[Event "Niedersachsen-ch open"]
[Site "Verden"]
[Date "2010.01.06"]
[Round "7.29"]
[White "Dorn, Carina"]
[Black "Oehne, Ingo"]
[Result "1-0"]
[WhiteElo "1867"]
[BlackElo "1900"]
[PlyCount "37"]
[EventDate "2010.01.03"]
[EventType "swiss"]
[EventRounds "7"]
[EventCountry "GER"]
[SourceTitle "EXT 2012"]
[Source "ChessBase"]
[SourceDate "2011.11.24"]
[SourceVersion "1"]
[SourceVersionDate "2011.11.24"]
[SourceQuality "1"]

1. d4 d5 2. c4 e5 3. dxe5 d4 4. Bf4 Nc6 5. Nf3 Nge7 6. g3 Ng6 7. Bg2 Bg4 8. Nbd2 Qd7 9. 0-0 Nxf4 10. gxf4 h6 11. Nb3 0-0-0 12. a3 g5 13. Qd2 gxf4 14. Qxf4 Rg8 15. Kh1 Bf5 16. Nbxd4 Nxd4 17. Nxd4 Rxg2 18. Qxf5 Rg4 19. e6 1-0

[Event "Niedersachsen-ch op"]
[Site "Verden"]
[Date "2009.01.06"]
[Round "7"]
[White "Oehne, Ingo"]
[Black "Schumacher, Klaus"]
[Result "0-1"]
[WhiteElo "1899"]
[BlackElo "1897"]
[PlyCount "110"]
[EventDate "2009.01.03"]
[EventType "swiss"]
[EventRounds "7"]
[EventCountry "GER"]
[SourceTitle "EXT 2012"]
[Source "ChessBase"]
[SourceDate "2011.11.24"]
[SourceVersion "1"]
[SourceVersionDate "2011.11.24"]
[SourceQuality "1"]

1. d4 d5 2. c3 Nf6 3. Nf3 e6 4. Bg5 Nbd7 5. Qc2 Be7 6. Nbd2 c5 7. e4 dxe4 8. Nxe4 cxd4 9. Nxd4 Nxe4 10. Bxe7 Qxe7 11. Qxe4 Nf6 12. Qf3 0-0 13. Bd3 e5 14. Nf5 Bxf5 15. Qxf5 e4 16. Bc2 Rfd8 17. 0-0 Rd2 18. Rac1 Rad8 19. Rfe1 R8d5 20. Qf4 Qc5 21. Bxe4 Nxe4 22. Qxe4 Qxf2+ 23. Kh1 h6 24. Rf1 Qe2 25. Rce1 Qxe4 26. Rxe4 Rxb2 27. a4 Rdd2 28. Rg1 Rdc2 29. Rc4 Rb3 30. h3 Rbxc3 31. Rb4 b6 32. a5 bxa5 33. Rb8+ Kh7 34. Kh2 a4 35. Rb7 Rc7 36. Rb4 R2c4 37. Rgb1 a3 38. Rb5 Ra4 39. Ra1 Rc2 40. Rb3 a2 41. Kg3 Rc1 42. Rxc1 a1Q 43. Rxa1 Rxa1 44. Rb7 Kg6 45. Kg4 Ra4+ 46. Kg3 Kf6 47. Rc7 g5 48. Rc6+ Kg7 49. Rc7 Kg6 50. Rc6+ f6 51. Kf3 h5 52. Rc8 a5 53. Rg8+ Kf5 54. g4+ hxg4+ 55. hxg4+ Rxg4 0-1

[Event "Niedersachsen-ch op"]
[Site "Verden"]
[Date "2009.01.05"]
[Round "6"]
[White "List, Tilman"]
[Black "Oehne, Ingo"]
[Result "1-0"]
[WhiteElo "1747"]
[BlackElo "1899"]
[PlyCount "61"]
[EventDate "2009.01.03"]
[EventType "swiss"]
[EventRounds "7"]
[EventCountry "GER"]
[SourceTitle "EXT 2012"]
[Source "ChessBase"]
[SourceDate "2011.11.24"]
[SourceVersion "1"]
[SourceVersionDate "2011.11.24"]
[SourceQuality "1"]

1. e4 c6 2. Nf3 d5 3. Nc3 dxe4 4. Nxe4 Nf6 5. Ng3 g6 6. Bc4 Bg7 7. 0-0 0-0 8. d4 b5 9. Bb3 a5 10. c3 Bg4 11. h3 Bxf3 12. Qxf3 a4 13. Bc2 Nd5 14. Bg5 Qc7 15. h4 Nd7 16. h5 f5 17. h6 Bf6 18. Bd2 e5 19. Ne2 e4 20. Qh3 c5 21. Bxe4 fxe4 22. Qe6+ Kh8 23. Qxd5 Rae8 24. Bf4 Qa7 25. dxc5 a3 26. b3 Bxc3 27. Nxc3 Rxf4 28. Nxb5 Nf6 29. Qd2 Qb8 30. Nd6 Rh4 31. Qg5 1-0

[Event "Niedersachsen-ch op"]
[Site "Verden"]
[Date "2009.01.05"]
[Round "5"]
[White "Oehne, Ingo"]
[Black "Grigorian, Spartak"]
[Result "1-0"]
[WhiteElo "1899"]
[BlackElo "1776"]
[PlyCount "77"]
[EventDate "2009.01.03"]
[EventType "swiss"]
[EventRounds "7"]
[EventCountry "GER"]
[SourceTitle "EXT 2012"]
[Source "ChessBase"]
[SourceDate "2011.11.24"]
[SourceVersion "1"]
[SourceVersionDate "2011.11.24"]
[SourceQuality "1"]

1. d4 Nf6 2. c4 e6 3. Nc3 Bb4 4. Bd2 0-0 5. Nf3 d5 6. e3 b6 7. Be2 Bb7 8. 0-0 Qe7 9. a3 Bxc3 10. Bxc3 Ba6 11. Ne5 Rd8 12. f4 c5 13. dxc5 dxc4 14. Qc2 Nd5 15. Rf3 Qxc5 16. Bd4 Qc7 17. f5 f6 18. Ng4 e5 19. Bc3 Qc5 20. Rg3 Kh8 21. Kh1 Bb7 22. Rd1 Na6 23. Rf1 h5 24. Rh3 Kg8 25. Rxh5 Nxe3 26. Nxe3 Qxe3 27. Bxc4+ Kf8 28. Re1 Qf4 29. Bxa6 Bxa6 30. Qb3 Bc4 31. Qb4+ Kf7 32. b3 Ba6 33. Qxf4 exf4 34. Bb4 Rd7 35. Rh4 Rd4 36. Kg1 Re8 37. Rxe8 Kxe8 38. Rh8+ Kf7 39. Rf8# 1-0

[Event "Niedersachsen-ch op"]
[Site "Verden"]
[Date "2009.01.04"]
[Round "4"]
[White "Grabenhorst, Joerg"]
[Black "Oehne, Ingo"]
[Result "1-0"]
[WhiteElo "1821"]
[BlackElo "1899"]
[PlyCount "71"]
[EventDate "2009.01.03"]
[EventType "swiss"]
[EventRounds "7"]
[EventCountry "GER"]
[SourceTitle "EXT 2012"]
[Source "ChessBase"]
[SourceDate "2011.11.24"]
[SourceVersion "1"]
[SourceVersionDate "2011.11.24"]
[SourceQuality "1"]

1. d4 Nf6 2. Bg5 Ne4 3. Bf4 c5 4. f3 Qa5+ 5. c3 Nf6 6. Nd2 cxd4 7. Nb3 Qf5 8. Bxb8 Rxb8 9. Qxd4 b6 10. e4 Qg5 11. e5 Nh5 12. Nh3 Qh6 13. g4 Bb7 14. gxh5 Bxf3 15. Rg1 Bxh5 16. Qf4 Qc6 17. Qe3 e6 18. Nf4 Bg6 19. Nd4 Qc8 20. h4 Qd8 21. Rh1 Bc5 22. 0-0-0 Rc8 23. Ba6 Rc7 24. Bd3 Qe7 25. h5 Bxd3 26. Qxd3 Qg5 27. Qe4 0-0 28. Kb1 d5 29. Qe3 a5 30. Rhg1 Qe7 31. Qg3 g6 32. hxg6 hxg6 33. Rh1 f5 34. Qxg6+ Qg7 35. Qxg7+ Rxg7 36. Ndxe6 1-0

[Event "Niedersachsen-ch"]
[Site "Verden"]
[Date "2006.01.07"]
[Round "7"]
[White "Kewe, Stefan"]
[Black "Oehne, Ingo"]
[Result "1/2-1/2"]
[WhiteElo "2009"]
[BlackElo "1764"]
[PlyCount "91"]
[EventDate "2006.01.??"]
[EventType "swiss"]
[EventRounds "7"]
[EventCountry "GER"]
[SourceTitle "CBM 110 Extra"]
[Source "ChessBase"]
[SourceDate "2006.03.10"]
[SourceVersion "2"]
[SourceVersionDate "2006.03.10"]
[SourceQuality "1"]

1. e4 c6 2. d4 d5 3. exd5 cxd5 4. Bd3 Nc6 5. c3 Nf6 6. Bf4 Qb6 7. Qc2 g6 8. h3 Bg7 9. Nf3 Bd7 10. Nbd2 Rc8 11. a3 0-0 12. 0-0 Rfe8 13. Rfe1 Nh5 14. Be3 Qc7 15. Qb3 Rcd8 16. Ne5 Be6 17. g4 Nxe5 18. Bb5 Nc6 19. gxh5 Bxh3 20. Qd1 Qc8 21. Qf3 Bg4 22. Qg3 Bxh5 23. f3 e5 24. dxe5 Bxe5 25. f4 Bg7 26. Kf2 a6 27. Bd3 d4 28. cxd4 Nxd4 29. Rac1 Qd7 30. Rc4 Nf5 31. Bxf5 Qxf5 32. Rec1 Bxb2 33. Rc5 Qg4 34. Qxg4 Bxg4 35. Rb1 Bxa3 36. Rc3 Bf8 37. Rxb7 h5 38. Rcc7 Rxd2+ 39. Bxd2 Re2+ 40. Kg3 Rxd2 41. Rxf7 Rd5 42. Rf6 Rd7 43. Rxg6+ Kf7 44. Rxd7+ Bxd7 45. Rxa6 Be7 46. Ra5 1/2-1/2

[Event "Niedersachsen-ch"]
[Site "Verden"]
[Date "2006.01.06"]
[Round "4"]
[White "Lutz, Michael"]
[Black "Oehne, Ingo"]
[Result "1-0"]
[WhiteElo "1932"]
[BlackElo "1764"]
[PlyCount "105"]
[EventDate "2006.01.??"]
[EventType "swiss"]
[EventRounds "7"]
[EventCountry "GER"]
[SourceTitle "CBM 110 Extra"]
[Source "ChessBase"]
[SourceDate "2006.03.10"]
[SourceVersion "2"]
[SourceVersionDate "2006.03.10"]
[SourceQuality "1"]

1. f4 d5 2. Nf3 Nf6 3. e3 g6 4. d4 Bg7 5. Bd3 c5 6. c3 c4 7. Bc2 0-0 8. 0-0 Bf5 9. Bxf5 gxf5 10. Bd2 Ne4 11. Be1 Nd7 12. Nbd2 Ndf6 13. Bh4 Qd6 14. Bxf6 Nxf6 15. Ne5 e6 16. Kh1 Qe7 17. h3 Ne8 18. Qh5 f6 19. Nef3 Qf7 20. Qh4 Kh8 21. g4 fxg4 22. hxg4 Rg8 23. Rg1 Bf8 24. g5 Rc8 25. gxf6 Rxg1+ 26. Rxg1 Qxf6 27. Qxf6+ Nxf6 28. Ng5 h5 29. Nxe6 Ng4 30. Rg3 Bd6 31. Ng5 Kg7 32. Ndf3 Kf6 33. Ne5 Kf5 34. Nxg4 hxg4 35. Nf7 Be7 36. Nh6+ Ke4 37. Nxg4 b5 38. Nf2+ Kf5 39. Rg7 Kf6 40. Rg4 b4 41. Kg2 bxc3 42. bxc3 Rb8 43. Kf3 Rb2 44. Rg2 Rb1 45. Ng4+ Kf5 46. Nh6+ Ke6 47. Rg6+ Kd7 48. Ra6 Bb4 49. Rxa7+ Kc6 50. cxb4 c3 51. Ra3 Rc1 52. Ke2 Kb5 53. Kd3 1-0

[Event "Niedersachsen-ch"]
[Site "Verden"]
[Date "2006.01.05"]
[Round "1"]
[White "Oehne, Ingo"]
[Black "Gussenberg, Torben"]
[Result "1-0"]
[WhiteElo "1764"]
[BlackElo "1067"]
[PlyCount "85"]
[EventDate "2006.01.??"]
[EventType "swiss"]
[EventRounds "7"]
[EventCountry "GER"]
[SourceTitle "CBM 110 Extra"]
[Source "ChessBase"]
[SourceDate "2006.03.10"]
[SourceVersion "2"]
[SourceVersionDate "2006.03.10"]
[SourceQuality "1"]

1. d4 d5 2. c4 e6 3. Nc3 f5 4. cxd5 exd5 5. Nf3 Nf6 6. Bg5 Be7 7. e3 0-0 8. Qb3 c6 9. Ne5 Qc7 10. Rc1 Nbd7 11. Bxf6 Rxf6 12. Nxd5 Qa5+ 13. Nc3+ Kh8 14. Nf7+ Rxf7 15. Qxf7 Qb4 16. Bc4 Nf6 17. 0-0 Bd7 18. Be2 Rf8 19. Qc4 Qd6 20. Bf3 Be6 21. Qd3 b5 22. Rfd1 Bc4 23. Qxf5 Nd5 24. Qe5 Qxe5 25. dxe5 Nxc3 26. Rxc3 Bb4 27. Rxc4 bxc4 28. Rc1 c3 29. bxc3 Ba3 30. Rd1 c5 31. c4 h6 32. e6 Re8 33. Be4 g5 34. Bf5 Kg7 35. g4 Kf6 36. f4 gxf4 37. exf4 h5 38. h3 a5 39. Rd7 Rf8 40. Rb7 hxg4 41. hxg4 Bc1 42. g5+ Kxf5 43. Rf7+ 1-0